| 000 | 00533nam a2200193 a 4500 | ||
|---|---|---|---|
| 001 | 33876 | ||
| 005 | 20180714001908.0 | ||
| 008 | 140415s1980 mx 000 0 spa d | ||
| 020 | _a9685827516 | ||
| 041 | _aspa | ||
| 082 |
_a808.81 _bCEN |
||
| 100 | 1 | _aCENTRO DE ESTUDIOS LITERARIOS | |
| 245 | 1 | 0 |
_aANTOLOGIA DE LA POESIA MODERNA Y CONTEMPORANEA EN LENGUA : _bESPAÑOLA |
| 250 | _a2a ed. | ||
| 260 |
_aMEXICO : _bUNAM, _c1980 |
||
| 300 | _a267 | ||
| 490 |
_aLECTURAS UNIVERSITARIAS _v2 |
||
| 650 | 1 | 4 | _aANTOLOGIA |
| 999 |
_c33876 _d33876 |
||